Statistics for Locations by letter - M

Click here to take the quiz!

General Stats

  • This quiz has been taken 51 times
  • The average score is 13 of 16

Answer Stats

DescriptionLocation% Correct
Largest Bavarian city, Oktoberfest, Bayern ______Munich
98%
Asian country also named BurmaMyanmar
98%
Island nation located in Indian ocean, lemursMadagascar
96%
Second-longest river of North America, also share name with US stateMississippi
94%
Small Mediterranean island nation, south of ItalyMalta
91%
Language with the most native speakersMandarin
91%
State of USA located on a lake with the same nameMichigan
91%
Muhammad's birth city, HajjMecca
87%
Longest river of North America, share name with US stateMissouri
87%
Second-largest french city, Mediterranean coastMarseille
85%
Balkan country with the Sun on its flag(former name)Macedonia
83%
City where person from above diedMedina
68%
Official language in HungaryMagyar
60%
This caused USA to defeat Japan WWII, Battle of _____Midway
60%
Dutch city located on the river MaasMaastricht
51%
Fortified capital of GondorMinas Tirith
17%

Score Distribution

Percentile by Number Answered

Percent of People with Each Score

Your Score History

You have not taken this quiz